Word Ladder: Moana Refrain Quiz Stats

Quiz Updated Oct 1, 2017

Challenge
Share
Tweet
Embed
Score 0/45 Timer 05:00
4 Plays Today
Clue % Correct
Type of online 'room'CHAT
94.7%
One of the 5 W's•WHAT•
94.5%
E. ____ (deadly bacteria)COLI
93.9%
Break into a computerHACK
92.1%
Layer of paintCOAT
90.2%
'____ wish is my command!'•YOUR•
89.9%
The Golden State, for shortCALI
89.6%
Yellow part of an eggYOLK
89.4%
Indianapolis football playerCOLT
87.9%
Where to hang picturesWALL
87.4%
Like milk gone badSOUR
87%
It precedes Oct.•SEPT•
87%
PennyCENT
86.4%
'____ la vie' (That's life)•C'EST•
86%
Fly highSOAR
85.8%
Group of actorsCAST
85.1%
Water source•WELL•
85.1%
Prison unitCELL
85%
Nat King ____COLE
84.9%
Where your rump restsSEAT
84.1%
Quitter's wordCAN'T
83.3%
'___ _ Get a Witness' (Marvin Gaye)•CAN I•
82.2%
Mark with a branding ironSEAR
80.8%
Clue % Correct
Cried and criedWEPT
80.6%
Chip's chipmunk partner DALE
79.9%
Univ.COLL.
79.5%
Nickname for a former Red Sox 3rd basemanYOUK
79.1%
Woody Guthrie's genreFOLK
76.7%
Knighted womanDAME
75.2%
'____ thou slain Tybalt?'HAST
75%
Actor Gregory of 'To Kill a Mockingbird'PECK
74.1%
Family from ABC's 'The Middle'•HECK•
73.6%
Accept an invitation•COME•
72.9%
Indoor stadium, usuallyDOME
72%
Stallion or gander e.g.MALE
71.9%
Peter of TV's 'Columbo'FALK
70.1%
Listen!HARK
69.7%
West African nationMALI
69.6%
ConstitutionalWALK
68.6%
Added bonusPERK
65.3%
Male deerHART
64.5%
LeftWENT
63%
SassyPERT
58.6%
ConfinedPENT
56.4%
Character who sings this ladder's theme•MAUI•
37.5%

Today's Daily Dose

Missing Word
For Dummies Books

Word Ladder
Ariana Grande

Quick Pick
1970s Authors

On This Day
June 21st II

You're not logged in!

Compare scores with friends on all Sporcle quizzes.
Join for Free
OR
Log In

You Might Also Like...

Show Comments

Extras

Top Quizzes Today


Score Distribution

Your Account Isn't Verified!

In order to create a playlist on Sporcle, you need to verify the email address you used during registration. Go to your Sporcle Settings to finish the process.

Report this User

Report this user for behavior that violates our Community Guidelines.

Details: